00703nam a2200145Ia 4500008004100000100002200041245008700063245017700150260005300327260000900380650001500389856006100404999001900465952007300484170221s9999 xx 000 0 und d aViktor I. Abramov 4aThe Preconditions of Economic Management of Problematic Region in a Federal State  cViktor I. Abramov, Sofia Sh. Ostanina, Ekaterina L. Vodolazhskaya, Alexey D. Chudnovskiy, Maxim A. Suchkov, Larisa F. Zhandarova, Alla A. Rybolovleva, Guzel B. Sayfutdinova bInternational Review of Management and Marketing c2013 xMarketing. uhttp://www.econjournals.com/index.php/irmm/issue/view/71 c310484d310484 001040aCLbCLd2017-02-21l0r2017-02-21 00:00:00w2017-02-21yFOJ